Statystyki dla Najczęściej używane systemy metra

Kliknij tutaj aby rozwiązać quiz!

Ogólne statystyki

  • Ten quiz został rozwiązany 53 razy
  • Średni wynik to 11 z 20

Statystyki odpowiedzi

Liczba pasażerów rocznie (w mld)Miasto% Poprawnych
1,68Nowy Jork
98%
1,38Londyn
95%
1,56Paryż
95%
3,95Pekin
95%
2,77Tokio
93%
1,03Tokio (sieć Toei)
93%
2,43Moskwa
84%
3,88Szanghaj
82%
1,65Meksyk
64%
2,84Seul
57%
1,49Sao Paulo
48%
1,81Hongkong
45%
1,31Kair
41%
1,24Singapur
39%
1,22Wuhan
23%
1,15Nankin
18%
2,02Shenzhen
11%
1,04Chongqing
9%
3,31Guangzhou
9%
1,40Chengdu
7%

Rozkład punktacji

Percentyl według liczby udzielonych odpowiedzi

Procent ludzi z każdym wynikiem

Twoja historia wyników

Nie rozwiązałeś tego quizu